CHARAKA SAMHITA (Record no. 15388)

MARC details
000 -LEADER
fixed length control field 00325nam a22001457a 4500
003 - CONTROL NUMBER IDENTIFIER
control field SGT
082 ## - DEWEY DECIMAL CLASSIFICATION NUMBER
Classification number 615.53
Item number C09S
100 ## - MAIN ENTRY--PERSONAL NAME
Personal name SENGUPTA, NARENDRANATH
245 ## - TITLE STATEMENT
Title CHARAKA SAMHITA
250 ## - EDITION STATEMENT
Edition statement 3RD
260 ## - PUBLICATION, DISTRIBUTION, ETC. (IMPRINT)
Place of publication, distribution, etc DELHI
Name of publisher, distributor, etc CHAUKHAMBHA PUB
Year of Publication 2009
300 ## - PAGE DESCRIPTION
No. of Pages 592,1189,2260,3068,3828
650 ## - SUBJECT ADDED ENTRY--TOPICAL TERM
Topical term or geographic name as entry element AYURVEDA
942 ## - ADDED ENTRY ELEMENTS (KOHA)
Source of classification or shelving scheme Dewey Decimal Classification
Koha item type Books
Holdings
Withdrawn status Lost status Source of classification or shelving scheme Damaged status Not for loan Collection code Home library Current library Shelving location Date acquired Vendor Name Cost, normal purchase price Volume Information (Serial or Books or Non-Book Material) SGTU Bill Number Total Checkouts Full call number Accession No. (Barcode) Date last seen Bill Date Koha item type Date last borrowed
    Dewey Decimal Classification     AYURVEDA SGT FA-FP Library SGT FA-FP Library Text Book 29/03/2018 CHAUKHAMBHA PUB. 2500.00 I-V SGTU CP/B/967   615.53 C09S FA8347 29/03/2018 24/01/2018 Books  
    Dewey Decimal Classification     AYURVEDA SGT FA-FP Library SGT FA-FP Library Text Book 29/03/2018 CHAUKHAMBHA PUB. 2500.00 I-V SGTU CP/B/967   615.53 C09S FA8348 29/03/2018 24/01/2018 Books  
    Dewey Decimal Classification     AYURVEDA SGT FA-FP Library SGT FA-FP Library Text Book 29/03/2018 CHAUKHAMBHA PUB. 2500.00 I-V SGTU CP/B/967 1 615.53 C09S FA8349 30/11/2018 24/01/2018 Books 27/11/2018
    Dewey Decimal Classification     AYURVEDA SGT FA-FP Library SGT FA-FP Library Text Book 29/03/2018 CHAUKHAMBHA PUB. 2500.00 I-V SGTU CP/B/967 2 615.53 C09S FA8350 23/05/2025 24/01/2018 Books 22/05/2025
    Dewey Decimal Classification     AYURVEDA SGT FA-FP Library SGT FA-FP Library Text Book 29/03/2018 CHAUKHAMBHA PUB. 2500.00 I-V SGTU CP/B/967   615.53 C09S FA8351 29/03/2018 24/01/2018 Books